Conferencia Internacional del Trabajo : recomendaciones 170-194 /

Na minha lista:
Detalhes bibliográficos
Autor Corporativo: OIT
Formato: Livro
Idioma:espanhol
Assuntos:
Tags: Adicionar Tag
Sem tags, seja o primeiro a adicionar uma tag!

MARC

LEADER 00000nam^a2200000^a^4500
001 000165886
005 20250521000000.0
009 20260310101032.35
037 |a Acervo ITESO - Biblioteca 
041 |a ESP 
082 |a 341. 2325  |b OIT 
110 |a OIT 
245 1 0 |a Conferencia Internacional del Trabajo :  |b recomendaciones 170-194 /  |c OIT. 
264 |a Ginebra, Suiza :  |b OIT,  |c fecha no identificada 
300 |a 1 v. (varias paginaciones) 
336 |a texto  |b txt  |2 rdacontenido 
337 |a sin mediación  |b n  |2 rdamedio 
338 |a volumen  |b nc  |2 rdasoporte 
501 |a Encuadernación particular 
649 |a XX 
650 |a OIT -  |x Informes 
650 |a Organizaciones Internacionales -  |x Informes 
650 |a Tratados Internacionales 
650 |a Tratados Internacionales 
650 |a Derecho Laboral 
650 |a Derecho a la Salud 
650 |a Derechos Humanos 
650 |a Derecho Internacional 
910 |a Fondo General 
920 |a Impresos - Libros 
930 |a Colección General 
905 |a 101 
901 |a 0500100871  |b IT1  |c ACC  |u 20250521 
902 |a https://opac.biblio.iteso.mx/vufind/Record/000165886